Stray Kids Songs (starting with the letter E) - Statistics

General Stats
  • This quiz has been taken 36 times
  • The average score is 3 of 5
Answer Stats
Songs % Correct
Easy
96%
Ex
77%
ESCAPE ( Bang Chan & Hyunjin)
50%
Entrance
42%
Eternity (Bang Chan)
19%
No matching quizzes found
Score Distribution
Percent of People with Each Score
Percentile by Number Answered
Your Score History
You have not taken this quiz